Histoires à reconstituer #1 - Statistiques

Statistiques générales
  • Ce quiz a été pris 565 fois
  • Le résultat moyen est 14 sur 20
Statistiques - réponses
Hint Réponse % Correct
L'eau qui tombe du ciel c'est La pluie
94%
Elle n'est pas Potable
87%
Nos emballages _______, par exemple De chewing-gum
85%
Car il y a ________ dedans Des microplastiques
85%
J'espère que ce quiz vous a Plu
82%
Le plus grand dépasse la superficie De la france
81%
Ces microplastiques viennent De nos emballages
81%
Et finissent dans La mer
81%
Et à bientôt pour une autre Histoire
80%
C'est ce qu'on appelle Le cycle de l'eau
80%
En emportant ______ avec elle Les microplastiques
74%
Tout ça finit par Retomber
72%
Qui, poussés par Le vent
70%
C'est pour ça qu'on parle De continent plastique
69%
Finit par Remonter
61%
Puis l'eau, attirée par Le soleil
56%
Et la _______ recommence Même histoire
56%
Puis Un fleuve
44%
Puis Une rivière
36%
Se retrouvent dans Un ruisseau
19%
Aucun quiz correspondant
Distribution des résultats
% des personnes avec chaque résultat
Percentile par nombre de réponses
Votre historique - résultats
Vous n’avez pas pris ce quiz